20 World Capitals furthest from a capital starting with A - Statistics

General Stats
  • This quiz has been taken 33 times
  • The average score is 14 of 20
Answer Stats
D (km) Capital City % Correct
5648 Ottawa
97%
5569 Tokyo
93%
6205 Washington
93%
6682 Mexico City
90%
5987 Havana
83%
5410 Tegucigalpa
79%
5678 Guatemala City
76%
6566 Jakarta
76%
5791 Belmopan
72%
5506 San Salvador
72%
5594 Kuala Lumpur
69%
5985 Manila
69%
5962 Nassau
69%
5904 Singapore
69%
6850 Dili
66%
5175 Managua
66%
6514 Bandar Seri Begawan
55%
5220 Kingston
52%
6375 Melekeok
45%
5336 Phnom Penh
45%
No matching quizzes found
Score Distribution
Percent of People with Each Score
Percentile by Number Answered
Your Score History
You have not taken this quiz